| 000 | 00600cam a2200217ua 4500 | ||
|---|---|---|---|
| 001 | 5873 | ||
| 008 | 131026n ii |||gr||||Z||||||eng | ||
| 020 | _a0333-90038-3 | ||
| 040 | _cMAIN | ||
| 082 | _a954 | ||
| 100 |
_aChopra,P.N, _eAuthor., |
||
| 245 |
_aSocial,Cultural And Economic History Of India : _bVolume ii / _cby P.N Chopra . |
||
| 260 |
_aNew Delhi: _bMacmillan, _c1974. |
||
| 300 | _aviii,243p. | ||
| 653 | _aSouth Asia India | ||
| 653 | _aSocial, Cultural And Economic History Of India | ||
| 653 | _aVolume ii | ||
| 700 |
_aPuri,B.N, _eAuthor. |
||
| 700 | _aDas,M N. | ||
| 942 | _cBK | ||
| 999 |
_c5027 _d5027 |
||